000 006660000a22002290004500
003 LK-CoMWRAF
005 20231113100811.0
008 230817t1993 ||||| |||| 00| 0 eng d
020 _a0803943237
040 _aLK-CoMWRAF
_dLK-CoMWRAF
_eLK-CoMWRAF
041 _aeng
082 _a362.82
_bKIS
100 _aKissman, Kris
245 _aSingle parent families
260 _aNew Delhi:
_bSage,
_c1993
300 _aviii, 160 p. ; 23 cm.
_bBibliography and index included
490 _aSage sourcebooks for the human services
_v24
650 _aSINGLE-PARENT FAMILIES
650 _aFamily social work -- United States
700 _aAllen, Jo Ann
942 _cBK
999 _c1226
_d1226